Strategic management of health care organizations /
Saved in:
| 主要作者: | |
|---|---|
| 其他作者: | , |
| 格式: | 图书 |
| 出版: |
San Francisco, CA :
Jossey-Bass,
c2008.
|
| 版: | 6th ed. |
| 主题: | |
| 在线阅读: | http://www.loc.gov/catdir/enhancements/fy0902/2008046678-b.html http://www.loc.gov/catdir/enhancements/fy0902/2008046678-d.html http://www.loc.gov/catdir/enhancements/fy0902/2008046678-t.html |
| 标签: |
添加标签
没有标签, 成为第一个标记此记录!
|
MARC
| LEADER | 00000cam a2200000 a 4500 | ||
|---|---|---|---|
| 020 | |a 9781405179188 |c TZS 93,100/= | ||
| 040 | |a MUL |b eng. |e AACR | ||
| 082 | 0 | 0 | |a 362.1068 SWA |
| 100 | 1 | |a Swayne, Linda E. | |
| 245 | 1 | 0 | |a Strategic management of health care organizations / |c Linda E. Swayne, W. Jack Duncan, Peter M. Ginter. |
| 250 | |a 6th ed. | ||
| 260 | |a San Francisco, CA : |b Jossey-Bass, |c c2008. | ||
| 300 | |a x, 869 p. : |b ill. (some col.), maps ; |c 26 cm. | ||
| 504 | |a Includes bibliographical references and index. | ||
| 505 | 0 | |a The nature of strategic management -- Understanding and analyzing the general environment of the health care environment -- Service area competitor analysis -- Internal environmental analysis and competitive advantage -- Directional strategies -- Developing strategic alternatives -- Evaluation of alternatives and strategic choice -- Value adding service delivery strategies - Value adding support strategies -- Communicating the strategy and developing action plans. | |
| 505 | 0 | |a Appendices: Analyzing strategic health care cases -- Financial analysis for health care organizations. | |
| 505 | 0 | |a Cases in the Health Care Sector: The pharmaceutical industry: an industry note -- Salix Pharmaceuticals, Inc.: Succeeding on the road less traveled -- Community Blood Center of the Carolinas: Donations, donations, donations -- OR Solutions reaches a crossroad -- Can this relationship be saved? The Midwestern Medical Group's integration journey -- Ellen Zane: Leading change at Tufts-NEMC -- Indian Health Service: Creating a climate for change -- Dr. Louis Mickael: the physician as strategic manager -- Governance challenges at Good Hand Healthcare (A) -- The Rosemont Behavioral Health Center -- Riverview Regional Medical Center: an HMA facility -- AIDSCAP Nepal -- Emanuel Medical Center: Crisis in the health care industry -- Cooper Green Hospital and the Community Care Plan -- "So, Doctor, Can you fix this?" A case involving a medical spa -- C. W. Williams Health Center: A community asset -- Pacific Cataract and Laser Institute: competing in the LASIK eye surgery market -- The Premier Health Care Alliance emerges -- The case for open heart surgery at Cabarrus Memorial Hospital -- Emergency Care Group. | |
| 546 | |a eng. | ||
| 650 | 0 | |a Health facilities | |
| 650 | 0 | |a Strategic planning. | |
| 650 | 0 | |a Mission statements. | |
| 650 | 1 | 2 | |a Health Services Administration. |
| 650 | 2 | 2 | |a Health Planning |
| 650 | 2 | 2 | |a Organizational Innovation. |
| 700 | 1 | |a Duncan, W. Jack | |
| 700 | 1 | |a Ginter, Peter M. | |
| 856 | 4 | 2 | |u http://www.loc.gov/catdir/enhancements/fy0902/2008046678-b.html |
| 856 | 4 | 2 | |u http://www.loc.gov/catdir/enhancements/fy0902/2008046678-d.html |
| 856 | 4 | 1 | |u http://www.loc.gov/catdir/enhancements/fy0902/2008046678-t.html |
| 942 | |c BK | ||
| 999 | |c 2044 |d 2044 | ||